[Event "Kokkola We KokkSK"]
[Site "Kokkola"]
[Date "2017.03.19"]
[Round "5"]
[White "Marjusaari, Eero"]
[Black "Laukkanen, Jere"]
[Result "0-1"]
[WhiteElo "2122"]
[BlackElo "2094"]
[PlyCount "102"]
[EventDate "2017.03.18"]
[EventType "swiss"]
[EventRounds "5"]
[EventCountry "FIN"]
[SourceTitle "EXT 2022"]
[Source "ChessBase"]
[SourceDate "2021.10.06"]
[SourceVersion "1"]
[SourceVersionDate "2021.10.06"]
[SourceQuality "1"]

1. e4 e5 2. Nf3 Nf6 3. Nxe5 Nxe4 4. Qe2 Qe7 5. Qxe4 d6 6. d4 dxe5 7. Qxe5 Qxe5+ 8. dxe5 Bf5 9. Bd3 Bxd3 10. cxd3 Nc6 11. 0-0 0-0-0 12. Bf4 Nb4 13. Nc3 Nxd3 14. Bg3 h5 15. h4 Nxb2 16. Rac1 Nd3 17. Rc2 Nc5 18. Rfc1 a6 19. Na4 b6 20. Nxc5 Bxc5 21. Bf4 Rd7 22. a4 Rhd8 23. a5 Rd1+ 24. Rxd1 Rxd1+ 25. Kh2 Kb7 26. Kg3 Rd3+ 27. f3 Kc6 28. Bd2 Kd5 29. Bc3 b5 30. Kf4 b4 31. Bb2 b3 32. Re2 Bd4 33. Kg5 Bxb2 34. Rxb2 Kd4 35. Kxh5 Kc3 36. Rb1 Kc2 37. Re1 b2 38. f4 b1Q 39. Rxb1 Kxb1 40. f5 Rd5 41. g4 Rxe5 42. Kg5 c5 43. h5 c4 44. h6 gxh6+ 45. Kxh6 c3 46. Kg7 c2 47. Kxf7 c1Q 48. f6 Qg5 49. Kf8 Qxf6+ 50. Kg8 Rg5+ 51. Kh7 Qg7# 0-1

[Event "Kurikka We KurVi A"]
[Site "Kurikka"]
[Date "2016.05.21"]
[Round "2"]
[White "Torkkola, Henri"]
[Black "Laukkanen, Jere"]
[Result "1/2-1/2"]
[WhiteElo "2216"]
[BlackElo "2017"]
[PlyCount "54"]
[EventDate "2016.05.21"]
[EventType "swiss"]
[EventRounds "5"]
[EventCountry "FIN"]
[SourceTitle "EXT 2022"]
[Source "ChessBase"]
[SourceDate "2021.10.06"]
[SourceVersion "1"]
[SourceVersionDate "2021.10.06"]
[SourceQuality "1"]

1. d4 Nf6 2. Bf4 e6 3. e3 c5 4. c3 Nc6 5. Nd2 d5 6. Ngf3 Bd6 7. Bg3 0-0 8. Bd3 Re8 9. Ne5 Bxe5 10. dxe5 Nd7 11. f4 c4 12. Bc2 Qb6 13. 0-0 Qxb2 14. Rc1 Nc5 15. Qh5 Nd3 16. Nf3 h6 17. Bxd3 cxd3 18. Bh4 d2 19. Rb1 Qxc3 20. Rb3 Qc2 21. Nxd2 Qxd2 22. Bf6 Qc2 23. e4 Ne7 24. Rg3 Ng6 25. f5 exf5 26. exf5 Bxf5 27. Rxf5 Re6 1/2-1/2

[Event "Helsinki Harri Hurmeen 70 A"]
[Site "Helsinki"]
[Date "2015.06.07"]
[Round "4"]
[White "Tuovinen, Jukka"]
[Black "Laukkanen, Jere"]
[Result "0-1"]
[WhiteElo "2022"]
[BlackElo "1926"]
[PlyCount "102"]
[EventDate "2015.06.07"]
[EventType "swiss"]
[EventRounds "5"]
[EventCountry "FIN"]
[SourceTitle "EXT 2022"]
[Source "ChessBase"]
[SourceDate "2021.10.06"]
[SourceVersion "1"]
[SourceVersionDate "2021.10.06"]
[SourceQuality "1"]

1. e4 e5 2. Nf3 Nc6 3. d4 exd4 4. Nxd4 Bc5 5. Nxc6 Qf6 6. Qf3 bxc6 7. Bc4 Qxf3 8. gxf3 Ne7 9. Be3 Bb6 10. Nc3 d6 11. Rg1 0-0 12. 0-0-0 Be6 13. Bb3 Rad8 14. Ne2 Bxb3 15. axb3 f5 16. Nf4 Kf7 17. Rde1 Ng6 18. Nxg6 hxg6 19. Rg5 fxe4 20. fxe4 Rde8 21. Bxb6 axb6 22. f3 Re5 23. Rg4 Rh5 24. Reg1 Rh6 25. f4 Kf6 26. f5 gxf5 27. exf5 Rf7 28. h4 Ke7 29. Rxg7 Rxh4 30. Kd2 Rh5 31. Re1+ Kf8 32. Rg3 Rfxf5 33. Rge3 Re5 34. Rf1+ Rhf5 35. Rxf5+ Rxf5 36. c4 Re5 37. Rh3 Ke8 38. b4 Kd7 39. Kd3 Rg5 40. Rh7+ Kc8 41. Rh3 Kb7 42. b3 b5 43. Kc3 Kb6 44. Rf3 d5 45. cxd5 cxd5 46. Rf6+ c6 47. Rf7 Rg3+ 48. Kc2 Re3 49. Rd7 Re2+ 50. Kc3 Re4 51. Kd3 Rxb4 0-1